000 nam a22 7a 4500
999 _c9328
_d9328
008 180127b ||||| |||| 00| 0 eng d
100 _aStudent Aid Publications
_95582
245 _aDirectory of Schools in Delhi
260 _aNew Delhi
_bStudnt Aid
_c2007